Statistiques concernant Les titres musicaux n°1 en France en 2010

Cliquez ici pour prendre le quiz!

Statistiques générales

  • Ce quiz a été pris 209 fois
  • Le résultat moyen est 11 sur 20

Statistiques - réponses

TitreInterprète% Correct
Alors on danseStromae
99%
LocaShakira, Dizzee Rascal, El Cata
98%
Waka Waka (This time for Africa)Shakira, Freshlyground
98%
Bad RomanceLady Gaga
91%
Tik tokKe$ha
80%
BabyJustin Bieber, Ludacris
78%
Love the way you lieEminem, Rihanna
75%
Only girlRihanna
74%
DésoléSexion d'Assaut
71%
Mignon, MignonRené la Taupe
68%
Dingue, dingue, dingueChristophe Maé
56%
Over the RainbowIsrael Kamakawiwo'ole
41%
The Time (Dirty Bit)The Black Eyed Peas
40%
Oui mais... nonMylène Farmer
38%
Pour un infidèleCoeur de pirate, Julien Doré
30%
Gettin' Over youDavid Guetta, Chris Willis, Fergie, LMFAO
30%
Stereo LoveEdward Maya, Vika Jigulina
20%
Allez ola oléJessy Matador
19%
Debout pour danserCollectif Métissé
16%
We no speak AmericanoYolanda Be Cool, DCUP
5%

Distribution des résultats

Percentile par nombre de réponses

% des personnes avec chaque résultat

Votre développement - résultats

Vous n’avez pas pris ce quiz